Statistics for Truth Hurts-Lizzo

Click here to take the quiz!

General Stats

  • This quiz has been taken 244 times
  • The average score is 191 of 253

Answer Stats

Answer% Correct
i
99%
a
97%
the
97%
to
97%
me
96%
got
95%
that
95%
be
93%
im
93%
just
93%
out
93%
bitch
92%
in
92%
dna
91%
gotta
91%
men
91%
they
91%
why
91%
you
91%
do
90%
great
90%
so
90%
test
90%
turns
90%
when
90%
thats
89%
100
88%
til
88%
human
87%
problems
87%
took
87%
boy
86%
my
86%
percent
86%
your
86%
bad
85%
even
85%
no
85%
yeah
85%
bling
84%
he
84%
of
84%
with
84%
down
83%
it
83%
crazy
82%
had
82%
tell
82%
back
80%
crying
80%
dont
80%
face
80%
mean
80%
on
80%
hurts
79%
straight
79%
text
79%
truth
79%
who
79%
goddess
78%
ok
78%
little
77%
and
76%
hold
76%
friend
74%
man
74%
not
74%
sound
74%
calling
73%
then
73%
but
70%
get
70%
career
69%
hair
69%
shampoo
69%
chair
68%
lighting
68%
new
68%
youre
68%
help
67%
holding
67%
salon
67%
best
65%
ever
65%
exciting
65%
press
65%
vikings
65%
em
64%
fresh
64%
more
64%
photos
64%
something
64%
bomb
63%
minnesota
63%
solve
63%
aint
61%
ring
61%
coulda
60%
never
60%
oh
60%
sing
60%
heart
59%
sat
59%
side
59%
break
58%
finger
58%
put
58%
single
58%
can
56%
chick
56%
dms
56%
from
55%
glad
54%
its
54%
start
54%
breaks
53%
will
53%
already
52%
bout
52%
see
52%
thought
52%
non-committal
51%
would
51%
shot
47%
hide
46%
this
46%
shoot
45%
tried
45%
woo
44%
worried
44%
needed
42%
we
42%
wanna
41%
minute
40%
hit
39%
fuck
37%
hey
34%
lies
34%
like
34%
been
33%
pushing
33%
goodbyes
32%
play
32%
keep
31%
tag
31%
ive
29%
aye
24%
ima
22%
posed
22%
yi
9%

Score Distribution

Percentile by Number Answered

Percent of People with Each Score

Your Score History

You have not taken this quiz